Di sản thế giới : Văn hoá - Tự nhiên - Hỗn hợp

Di sản thế giới là một bộ sách gồm 10 tập bao gồm các di tích lịch sử, các danh lam thắng cảnh, các kỳ quan thế giới và cả những tài nguyên thiên nhiên của thế giới đã được tổ chức UNESCO công nhận và xếp loại. Tập này miêu tả các nê...

全面介紹

Đã lưu trong:
書目詳細資料
格式: 圖書
語言:Undetermined
出版: Thành phố Hồ Chí Minh Trẻ 2003
主題:
標簽: 添加標簽
沒有標簽, 成為第一個標記此記錄!
Thư viện lưu trữ: Trung tâm Học liệu Trường Đại học Cần Thơ
LEADER 01209nam a2200217Ia 4500
001 CTU_64329
008 210402s9999 xx 000 0 und d
020 |c 34500 
082 |a 910 
082 |b D300/T.8 
245 0 |a Di sản thế giới : 
245 0 |b Văn hoá - Tự nhiên - Hỗn hợp 
245 0 |c Bùi Đẹp (biên soạn) 
260 |a Thành phố Hồ Chí Minh 
260 |b Trẻ 
260 |c 2003 
520 |a Di sản thế giới là một bộ sách gồm 10 tập bao gồm các di tích lịch sử, các danh lam thắng cảnh, các kỳ quan thế giới và cả những tài nguyên thiên nhiên của thế giới đã được tổ chức UNESCO công nhận và xếp loại. Tập này miêu tả các nền văn minh nhân loại thể hiện qua các di sản độc đáo và quý giá nhất còn tồn tại với thời gian ở Châu Mỹ. 
650 |a Architecture,Monuments,Kiến trúc,Di tích 
650 |x Aesthetics,Thẩm mỹ 
904 |i Qhieu đã sửa, Trúc (sửa) 
980 |a Trung tâm Học liệu Trường Đại học Cần Thơ